[Event "Ostroda op 6th"]
[Site "Ostroda"]
[Date "2009.08.11"]
[Round "7"]
[White "Hekman, Dominik"]
[Black "Pawlowski, Dariusz"]
[Result "1-0"]
[WhiteElo "1647"]
[BlackElo "1729"]
[PlyCount "77"]
[EventDate "2009.08.07"]
[EventType "swiss"]
[EventRounds "9"]
[EventCountry "POL"]
[SourceTitle "EXT 2011"]
[Source "ChessBase"]
[SourceDate "2010.11.26"]
[SourceVersion "1"]
[SourceVersionDate "2010.11.26"]
[SourceQuality "1"]

1. e4 c5 2. Nf3 d6 3. d4 cxd4 4. Nxd4 Nf6 5. Nc3 a6 6. Be3 e5 7. Nb3 Be6 8. f3 Be7 9. Qd2 0-0 10. 0-0-0 Nc6 11. g4 b5 12. g5 Nd7 13. Nd5 Bxd5 14. exd5 Na7 15. Bd3 Nc8 16. h4 Ncb6 17. Na5 Qc7 18. Nc6 Rfe8 19. Be4 Nc4 20. Qd3 Nxe3 21. Qxe3 Nc5 22. Rdg1 Nxe4 23. Qxe4 Bf8 24. h5 Qd7 25. Rg3 a5 26. Rhg1 a4 27. f4 exf4 28. Qxf4 Re2 29. g6 fxg6 30. hxg6 h6 31. Nd4 Re5 32. Ne6 Rc8 33. Rf3 Rxe6 34. dxe6 Qxe6 35. Qf7+ Qxf7 36. Rxf7 b4 37. Rb7 d5 38. Rf1 Bd6 39. Rff7 1-0

[Event "Wroclaw Polonia op 3rd"]
[Site "Wroclaw"]
[Date "2008.06.22"]
[Round "2"]
[White "Pawlowski, Dariusz"]
[Black "Rawicz, Karol"]
[Result "0-1"]
[WhiteElo "1728"]
[BlackElo "2212"]
[PlyCount "63"]
[EventDate "2008.06.21"]
[EventType "swiss"]
[EventRounds "9"]
[EventCountry "POL"]
[SourceTitle "CBM 125 Extra"]
[Source "ChessBase"]
[SourceDate "2008.09.01"]
[SourceVersion "1"]
[SourceVersionDate "2008.09.01"]
[SourceQuality "1"]

1. d4 g6 2. Nf3 Bg7 3. Bf4 d6 4. e3 Nd7 5. c3 Ngf6 6. Be2 0-0 7. 0-0 Re8 8. Nbd2 b6 9. Qb3 Bb7 10. Ng5 e6 11. Bf3 d5 12. Be2 h6 13. Ngf3 Nh5 14. Bg3 Nxg3 15. fxg3 Qe7 16. Rae1 a6 17. Bd3 c5 18. Bb1 f5 19. Qd1 Rad8 20. h4 Bc6 21. Bd3 Qd6 22. Kf2 b5 23. Rh1 Rf8 24. Be2 Nf6 25. Ne5 Ne4+ 26. Nxe4 fxe4+ 27. Kg1 Bxe5 28. dxe5 Qxe5 29. Kh2 Rf2 30. Rhf1 Rdf8 31. Rxf2 Rxf2 32. Rf1 0-1